000 00640nam a2200181Ia 4500
008 100920s9999 xx 000 0 und d
082 _b95479
_a891.43 थ 97
100 _aचेेेस जेम्स हॅडली.
245 _aचालीस लाख का अपहरण.
260 _bसाधना पॉकेट बुक्स दिल्ली.
_c1997
300 _a208
_bसाधी
365 _b10
520 _aहिंदी.
630 _aचालीस लाख का अपहरण.
650 _aहिंदी.
730 _aचालीस लाख का अपहरण.
942 _cBOOK
999 _c735921
_d735918